000 00540nam a2200217 a 4500
999 _c8611
_d8611
001 8611
003 BD-JhCC
005 20180228091651.0
008 180228s1979 u |||| || | 000 0 eng d
035 _a(BD-JhCC)8611
040 _aBD-JhCC
_dBD-JhCC
041 _aeng
082 _a823
_bLEE 1979
100 _aLee, Andrea
245 _aThe Lady Cavaliers /
_cAndrea Lee,
260 _aNew York :
_bA Dell/James A. Bryans Book,
_c1979.
300 _a578 p. :
_c17 cm.
650 _aEnglish Fiction
942 _2ddc
_cBK